| 000 | 00558cas a22001815a 4500 | ||
|---|---|---|---|
| 001 | L138277 | ||
| 008 | 070525c xxkur p 0 a0eng u | ||
| 035 | _a(Sirsi) u138277 | ||
| 041 | 0 | _aeng | |
| 110 | 2 |
_aRoyal Institution of Chartered Surveyors _bSurrey Branch _9846 |
|
| 245 | 0 | 0 | _aSpectrum |
| 260 |
_aCroydon _bRICS _c198[?]- |
||
| 362 | 0 | _a(75) Spring/Summer 1993-(81) Spring 1994; (102) Early Summer 1998-(105) Late Autumn 1998 | |
| 554 | _aUnknown | ||
| 651 | 4 | _aSURREY | |
| 690 | _aMANAGEMENT-BUSINESS MANAGEMENT-PROFESSIONAL PRACTICE | ||
| 942 | _n0 | ||
| 999 |
_c118958 _d118958 |
||